01384pab a2200181 454500008004000000100001700040245010600057260000900163300001500172362000800187520078700195650004100982650002201023773002601045909001001071999001701081952010401098180718b2002 xxu||||| |||| 00| 0 eng d aWard, Rachel aInvisible women: the ;political roles of unionist and loyalist women in contemporary Northern Ireland c2002 ap.1671-78. aJan aThis article provides some insight into the variety of political roles in which unionist and loyalist women engage. While they are still under-represented in the formal political sphere, their work ensures that the political parties and community organisations continue to function effectively. The parties' policies do little more than to encourage greater participation by women, which does not account for the barriers of time, money, stereotypical attitudes and self-confidence. However, the experience that unionist and loyalist women are gaining through their political participation suggest that in the future these women will be less content to remain in the background of politics. Their contribution is much more than `tea and buns and opening up halls'. - Reproduced. aWomen in politics - Northern Ireland aWomen in politics aParliamentary Affairs a52184 c52184d52184 00104070aIIPAbIIPAd2018-07-19hVolume no: 55, Issue no: 1pAR52614r2018-07-19w2018-07-19yAR